Europe, Canada and the comprehensive economic partnership agreement taming globalization? /

Bibliographic Details
Corporate Author: ProQuest (Firm)
Other Authors: Hubner, Kurt, 1953-
Format: Electronic eBook
Language:English
Published: Abindon, Oxon. ; New York : Routledge, 2011.
Subjects:
Online Access:Click to View
LEADER 01489nam a2200385Ia 4500
001 EBC672399
003 MiAaPQ
005 20200520144314.0
006 m o d |
007 cr cn|||||||||
008 100930s2011 enka sb 001 0 eng d
010 |z  2010041938 
020 |z 9780415600286 
020 |z 9780203819173 
035 |a (MiAaPQ)EBC672399 
035 |a (Au-PeEL)EBL672399 
035 |a (CaPaEBR)ebr10466502 
035 |a (CaONFJC)MIL310348 
035 |a (OCoLC)773564515 
040 |a MiAaPQ  |c MiAaPQ  |d MiAaPQ 
050 4 |a HF1480.15.E85  |b E97 2011 
245 0 0 |a Europe, Canada and the comprehensive economic partnership agreement  |h [electronic resource] :  |b taming globalization? /  |c edited by Kurt Hubner. 
260 |a Abindon, Oxon. ;  |a New York :  |b Routledge,  |c 2011. 
300 |a xvi, 327 p. :  |b ill. 
504 |a Includes bibliographical references and index. 
533 |a Electronic reproduction. Ann Arbor, MI : ProQuest, 2015. Available via World Wide Web. Access may be limited to ProQuest affiliated libraries. 
650 0 |a International relations. 
651 0 |a Canada  |x Foreign economic relations  |z Europe. 
651 0 |a Europe  |x Foreign economic relations  |z Europe. 
651 0 |a Canada  |v Commercial treaties. 
651 0 |a Europe  |v Commercial treaties. 
655 4 |a Electronic books. 
700 1 |a Hubner, Kurt,  |d 1953- 
710 2 |a ProQuest (Firm) 
856 4 0 |u https://ebookcentral.proquest.com/lib/matrademy/detail.action?docID=672399  |z Click to View